000 00635nam a22002177a 4500
003 UA-OsUOA
001 53381
007 ta
008 20080331b un ||||| |||| 00| 0 ukr d
090 _a82.09:012(477)
942 _cBK
040 _aUA-OsUOA
_bukr
_cUA-OsUOA
_dUA-OsUOA
245 _aВасиль Симоненко: "Україно, ти моя молитва..."
_bБіобібліографічний нарис
300 _a119 с.
955 _a2
041 _aukr
080 _a82.09:012(477)
260 _aК.
_c2007
650 7 _a82 Література. Літературознавство
_2UDC
999 _c339469
_d339469